000 00659nam a2200205Ia 4500
003 GCL
008 140319s9999 xx 000 0 ara d
040 _aGCL /
_cGCL
082 0 4 _a327.114
_bس س
100 1 _aاحمد خضر
245 1 0 _aسياسات الندرة: المياة فى الشرق الاوسط /
_cاحمد خضر
700 1 _aستار، جويس
700 1 _aستول، دانييل
300 _a183 ص
490 _aالهيئة العامة للاستعلامات
_v0
650 0 4 _aالنزاع العربى الاسرائيلى
650 0 4 _aالمياه
650 0 4 _aالشرق الاوسط - المياه
942 _2ddc
_cBK
999 _c49354
_d49354